[Event "MCRE_O14"]
[Site "?"]
[Date "2003.??.??"]
[Round "?"]
[White "Stika, Vaclav"]
[Black "Prochazka, Ivan"]
[Result "1/2-1/2"]
[WhiteElo "1855"]
[BlackElo "1800"]
[PlyCount "86"]
[EventDate "2003.??.??"]
[EventType "corr"]
[EventRounds "2"]
[SourceDate "2005.03.12"]

1. e4 e5 2. Nf3 Nc6 3. Bb5 Nf6 4. Nc3 Bb4 5. O-O O-O 6. a3 Bxc3 7. dxc3 Nxe4 8.
Re1 Nd6 9. Bxc6 dxc6 10. Nxe5 Bf5 11. Nd3 Qf6 12. Qh5 h6 13. Be3 Rfe8 14. Re2
b6 15. Rae1 c5 16. Qf3 Rad8 17. Qc6 Rd7 18. Bd4 Qd8 19. Be5 Rde7 20. Qf3 Qd7
21. Bxd6 Rxe2 22. Rxe2 Rxe2 23. Qxe2 cxd6 24. Kf1 Qe6 25. Ne1 Qxe2+ 26. Kxe2 f6
27. c4 Kf7 28. c3 Ke6 29. g3 d5 30. cxd5+ Kxd5 31. Ng2 Bd7 32. Ne3+ Ke5 33. Kd3
Bb5+ 34. c4 Bc6 35. f4+ Ke6 36. b4 a5 37. b5 Bf3 38. Kd2 g6 39. h4 g5 40. hxg5
hxg5 41. Ke1 Be4 42. Ke2 Kd6 43. Nd1 g4 1/2-1/2

[Event "MCRE_O14"]
[Site "?"]
[Date "2003.??.??"]
[Round "?"]
[White "Stika, Vaclav"]
[Black "Slechta, Vladimir"]
[Result "1/2-1/2"]
[WhiteElo "1855"]
[BlackElo "1890"]
[PlyCount "129"]
[EventDate "2003.??.??"]
[EventType "corr"]
[EventRounds "2"]
[SourceDate "2005.03.12"]

1. e4 e5 2. Nf3 Nc6 3. Nc3 Nf6 4. Bb5 Nd4 5. Ba4 c6 6. Nxe5 d6 7. Nf3 Bg4 8. d3
d5 9. h3 Bxf3 10. gxf3 Bb4 11. Be3 Ne6 12. Bd2 Nc5 13. Bb3 a5 14. a3 Bxc3 15.
bxc3 dxe4 16. dxe4 Qc7 17. Be3 Ne6 18. Qb1 O-O 19. Bxe6 fxe6 20. Qb3 Qf7 21.
O-O-O Nh5 22. Rd6 Rae8 23. Rhd1 Kh8 24. Bc5 Qxf3 25. c4 Qf4+ 26. Qe3 Qxe3+ 27.
Bxe3 Kg8 28. Rd7 Rf7 29. Rxf7 Kxf7 30. e5 h6 31. h4 Kg6 32. Rd7 Kf5 33. Rxb7
Kxe5 34. Ra7 Ke4 35. Rxa5 Ng3 36. Bxh6 gxh6 37. fxg3 e5 38. a4 Kf3 39. Rc5 Kxg3
40. h5 Kh4 41. a5 Kxh5 42. a6 Kg5 43. a7 Ra8 44. Rxe5+ Kf6 45. Rh5 Kg7 46. Ra5
Kf6 47. Kd2 Ke7 48. Kc3 Kd6 49. Kb4 Kc7 50. Rh5 Rxa7 51. Rxh6 Ra2 52. c3 Ra6
53. c5 Kd7 54. Rd6+ Kc7 55. Rg6 Kd7 56. c4 Ra1 57. Rg7+ Kc8 58. Rf7 Kd8 59. Kc3
Rd1 60. Rg7 Kc8 61. Re7 Kd8 62. Rf7 Kc8 63. Kb4 Ra1 64. Rh7 Kd8 65. Rg7 1/2-1/2

[Event "MCRE_O14"]
[Site "?"]
[Date "2003.??.??"]
[Round "?"]
[White "Stika, Vaclav"]
[Black "Tursky, Matyas"]
[Result "1-0"]
[WhiteElo "1855"]
[BlackElo "1800"]
[PlyCount "41"]
[EventDate "2003.??.??"]
[EventType "corr"]
[EventRounds "2"]
[SourceDate "2005.03.12"]

1. d4 f5 2. c4 e6 3. g3 Be7 4. Bg2 Nf6 5. Nf3 O-O 6. O-O d6 7. Nc3 Qe8 8. Qd3
Qg6 9. Nh4 Qh5 10. Bf3 Ng4 11. h3 Bxh4 12. gxh4 Qxh4 13. hxg4 fxg4 14. Be4 Nd7
15. Nb5 Nf6 16. Nxc7 Rb8 17. Bf4 Ne8 18. Bg3 Qh5 19. Nxe8 Rxe8 20. Bxd6 Ra8 21.
Kg2 1-0

[Event "MCRE_O14"]
[Site "?"]
[Date "2003.??.??"]
[Round "?"]
[White "Stika, Vaclav"]
[Black "Volf, Michal"]
[Result "1-0"]
[WhiteElo "1855"]
[BlackElo "1800"]
[PlyCount "75"]
[EventDate "2003.??.??"]
[EventType "corr"]
[EventRounds "2"]
[SourceDate "2005.03.12"]

1. e4 e5 2. Nf3 Nf6 3. d4 exd4 4. e5 Ne4 5. Qxd4 d5 6. exd6 Nxd6 7. Nc3 Nc6 8.
Qf4 g6 9. Bd2 Qe7+ 10. Be2 Be6 11. O-O-O Bg7 12. Rhe1 O-O-O 13. Ng5 Be5 14. Qa4
Bxc3 15. bxc3 Bd7 16. Bf3 Qf6 17. Qf4 Qg7 18. Bd5 f5 19. Qa4 Kb8 20. Qb3 Rhe8
21. Bxc6 Bxc6 22. Ne6 Rxe6 23. Qxe6 Re8 24. Qb3 Rxe1 25. Rxe1 Bxg2 26. Bf4 Qf8
27. Qb4 Qf6 28. Bxd6 cxd6 29. Qd4 Qxd4 30. Re8+ Kc7 31. cxd4 Kc6 32. h4 Kd5 33.
c3 a5 34. Re7 b5 35. Rxh7 Bf3 36. Kd2 Ke6 37. a4 bxa4 38. c4 1-0

[Event "MCRE_O14"]
[Site "?"]
[Date "2003.??.??"]
[Round "?"]
[White "Tursky, Matyas"]
[Black "Ciganek, Jiri"]
[Result "0-1"]
[WhiteElo "1800"]
[BlackElo "1875"]
[PlyCount "42"]
[EventDate "2003.??.??"]
[EventType "corr"]
[EventRounds "2"]
[SourceDate "2005.03.12"]

1. d4 d5 2. c4 e6 3. Nc3 Nf6 4. cxd5 exd5 5. Bf4 Be7 6. e3 c6 7. Rc1 Bf5 8. Nf3
Nbd7 9. Bd3 Bxd3 10. Qxd3 Nh5 11. Ne2 Nxf4 12. Nxf4 Qa5+ 13. Nd2 O-O 14. O-O
Bd6 15. Ne2 Nf6 16. Nb3 Qc7 17. h3 Ne4 18. Nc5 Bxc5 19. dxc5 Qa5 20. Nd4 Nxc5
21. Qc2 Ne4 0-1

[Event "MCRE_O14"]
[Site "?"]
[Date "2003.??.??"]
[Round "?"]
[White "Tursky, Matyas"]
[Black "Lasik, Petr"]
[Result "0-1"]
[WhiteElo "1800"]
[BlackElo "1800"]
[PlyCount "36"]
[EventDate "2003.??.??"]
[EventType "corr"]
[EventRounds "2"]
[SourceDate "2005.03.12"]

1. d4 d5 2. c4 c6 3. Nf3 Nf6 4. Nc3 dxc4 5. a4 Qa5 6. Bd2 Qb6 7. Qc2 Bg4 8. Ne4
Nxe4 9. Qxe4 Qxb2 10. Rb1 Qa2 11. Rxb7 Nd7 12. e3 Bxf3 13. gxf3 Qxa4 14. Rb4
Qa1+ 15. Rb1 Qa6 16. d5 cxd5 17. Qxd5 Rc8 18. Bc3 e6 0-1

[Event "MCRE_O14"]
[Site "?"]
[Date "2003.??.??"]
[Round "?"]
[White "Tursky, Matyas"]
[Black "Prochazka, Ivan"]
[Result "0-1"]
[WhiteElo "1800"]
[BlackElo "1800"]
[PlyCount "42"]
[EventDate "2003.??.??"]
[EventType "corr"]
[EventRounds "2"]
[SourceDate "2005.03.12"]

1. d4 Nf6 2. c4 g6 3. Nc3 d5 4. cxd5 Nxd5 5. e4 Nxc3 6. bxc3 Bg7 7. Bc4 c5 8.
Ne2 Nc6 9. Be3 O-O 10. O-O Qc7 11. e5 cxd4 12. cxd4 Nxe5 13. Bb3 Ng4 14. Bf4 e5
15. dxe5 Nxe5 16. Rc1 Qa5 17. Be3 Rd8 18. Qc2 Bf5 19. Qc7 Qa6 20. Ng3 Rac8 21.
Qe7 Bf6 0-1

[Event "MCRE_O14"]
[Site "?"]
[Date "2003.??.??"]
[Round "?"]
[White "Tursky, Matyas"]
[Black "Slechta, Vladimir"]
[Result "0-1"]
[WhiteElo "1800"]
[BlackElo "1890"]
[PlyCount "40"]
[EventDate "2003.??.??"]
[EventType "corr"]
[EventRounds "2"]
[SourceDate "2005.03.12"]

1. d4 d5 2. c4 e6 3. Nc3 Nf6 4. cxd5 exd5 5. Bf4 Be7 6. g3 c6 7. Bg2 O-O 8. Nf3
Qb6 9. Qc2 Bg4 10. e3 Nbd7 11. O-O Nh5 12. Ne5 Nxf4 13. Nxg4 Nxg2 14. Ne5 Nxe5
15. dxe5 Rae8 16. Kxg2 Bd8 17. Na4 Qc7 18. f4 f5 19. exf6 Bxf6 20. Rae1 Re4 0-1

[Event "MCRE_O14"]
[Site "?"]
[Date "2003.??.??"]
[Round "?"]
[White "Tursky, Matyas"]
[Black "Stika, Vaclav"]
[Result "0-1"]
[WhiteElo "1800"]
[BlackElo "1855"]
[PlyCount "38"]
[EventDate "2003.??.??"]
[EventType "corr"]
[EventRounds "2"]
[SourceDate "2005.03.12"]

1. d4 Nf6 2. c4 e6 3. Nc3 Bb4 4. e3 c5 5. Bd3 cxd4 6. exd4 d5 7. c5 Nc6 8. Nge2
e5 9. Bb5 exd4 10. Qxd4 Qa5 11. O-O O-O 12. Bxc6 bxc6 13. a3 Bxc5 14. Qa4 Qxa4
15. Nxa4 Bb6 16. Bf4 Re8 17. Nxb6 axb6 18. Rfe1 Ra4 19. Bc7 Rae4 0-1

[Event "MCRE_O14"]
[Site "?"]
[Date "2003.??.??"]
[Round "?"]
[White "Tursky, Matyas"]
[Black "Volf, Michal"]
[Result "0-1"]
[WhiteElo "1800"]
[BlackElo "1800"]
[PlyCount "36"]
[EventDate "2003.??.??"]
[EventType "corr"]
[EventRounds "2"]
[SourceDate "2005.03.12"]

1. d4 Nf6 2. c4 g6 3. Nc3 d5 4. cxd5 Nxd5 5. e4 Nxc3 6. bxc3 Bg7 7. Bc4 c5 8.
Ne2 O-O 9. O-O Nc6 10. Be3 Qc7 11. Rb1 a6 12. a4 e6 13. d5 Ne5 14. Ba2 Ng4 15.
Bf4 e5 16. Bc1 b5 17. h3 Nf6 18. f3 Rd8 0-1

[Event "MCRE_O14"]
[Site "?"]
[Date "2003.??.??"]
[Round "?"]
[White "Volf, Michal"]
[Black "Ciganek, Jiri"]
[Result "1/2-1/2"]
[WhiteElo "1800"]
[BlackElo "1875"]
[PlyCount "59"]
[EventDate "2003.??.??"]
[EventType "corr"]
[EventRounds "2"]
[SourceDate "2005.03.12"]

1. e4 e5 2. Nc3 Nf6 3. g3 d5 4. exd5 Nxd5 5. Bg2 Nxc3 6. bxc3 Bd6 7. Ne2 O-O 8.
O-O Nd7 9. d3 c6 10. c4 Qc7 11. a4 b6 12. Nc3 Rb8 13. Qf3 Bb7 14. Bd2 Bb4 15.
Qf5 Be7 16. a5 g6 17. axb6 axb6 18. Qh3 Ra8 19. Rfb1 Rxa1 20. Rxa1 Ra8 21.
Rxa8+ Bxa8 22. Ne4 f5 23. Ng5 Bxg5 24. Bxg5 Qa7 25. Bf3 c5 26. Bxa8 Qxa8 27. g4
f4 28. Qg2 Qa1+ 29. Qf1 Qa8 30. Qg2 1/2-1/2

[Event "MCRE_O14"]
[Site "?"]
[Date "2003.??.??"]
[Round "?"]
[White "Volf, Michal"]
[Black "Lasik, Petr"]
[Result "0-1"]
[WhiteElo "1800"]
[BlackElo "1800"]
[PlyCount "54"]
[EventDate "2003.??.??"]
[EventType "corr"]
[EventRounds "2"]
[SourceDate "2005.03.12"]

1. e4 e6 2. d4 d5 3. e5 c5 4. c3 Bd7 5. Nf3 Qb6 6. Be2 Nc6 7. O-O cxd4 8. cxd4
Rc8 9. Nc3 Nge7 10. Na4 Qc7 11. b3 Ng6 12. h4 Be7 13. h5 Nh4 14. Nxh4 Bxh4 15.
Ba3 Be7 16. Bxe7 Nxe7 17. Nc5 O-O 18. Qd3 b6 19. Nxd7 Qxd7 20. Rac1 a5 21. Qa6
Rb8 22. h6 g6 23. Bb5 Qd8 24. Bd3 Kh8 25. Qa7 Ng8 26. Rc6 Qh4 27. Be2 Nxh6 0-1

[Event "MCRE_O14"]
[Site "?"]
[Date "2003.??.??"]
[Round "?"]
[White "Volf, Michal"]
[Black "Prochazka, Ivan"]
[Result "1/2-1/2"]
[WhiteElo "1800"]
[BlackElo "1800"]
[PlyCount "45"]
[EventDate "2003.??.??"]
[EventType "corr"]
[EventRounds "2"]
[SourceDate "2005.03.12"]

1. e4 e6 2. d4 d5 3. Nd2 Nf6 4. e5 Nfd7 5. Bd3 c5 6. c3 Nc6 7. Ngf3 cxd4 8.
cxd4 f6 9. O-O Be7 10. exf6 Nxf6 11. Nb3 O-O 12. Bg5 Bd7 13. Rc1 Rc8 14. Re1 h6
15. Bd2 a6 16. Qe2 Qe8 17. Na5 Nxa5 18. Bxa5 Qh5 19. Bc7 Ne8 20. Be5 Nd6 21.
Bg3 Nf5 22. Bc7 Bb4 23. Red1 1/2-1/2

[Event "MCRE_O14"]
[Site "?"]
[Date "2003.??.??"]
[Round "?"]
[White "Volf, Michal"]
[Black "Slechta, Vladimir"]
[Result "0-1"]
[WhiteElo "1800"]
[BlackElo "1890"]
[PlyCount "64"]
[EventDate "2003.??.??"]
[EventType "corr"]
[EventRounds "2"]
[SourceDate "2005.03.12"]

1. e4 e5 2. Nf3 Nc6 3. Nc3 Nf6 4. Bb5 Nd4 5. Bc4 Nxf3+ 6. Qxf3 c6 7. d3 d6 8.
O-O Be7 9. a4 O-O 10. h3 Be6 11. Bg5 Nd7 12. Be3 Qa5 13. Bxe6 fxe6 14. Qg3 Rf6
15. Qh4 d5 16. Ne2 Raf8 17. c3 Qa6 18. Rfd1 Bc5 19. b4 Bxe3 20. fxe3 Qb6 21. d4
Qd8 22. g3 Qe8 23. Rf1 Rf3 24. Rxf3 Rxf3 25. exd5 exd5 26. e4 Nf6 27. exd5 exd4
28. dxc6 Qe3+ 29. Kh1 Rf2 30. Nf4 Qf3+ 31. Kg1 Rc2 32. Rf1 Qe3+ 0-1

[Event "MCRE_O14"]
[Site "?"]
[Date "2003.??.??"]
[Round "?"]
[White "Volf, Michal"]
[Black "Stika, Vaclav"]
[Result "0-1"]
[WhiteElo "1800"]
[BlackElo "1885"]
[PlyCount "74"]
[EventDate "2003.??.??"]
[EventType "corr"]
[EventRounds "2"]
[SourceDate "2005.03.12"]

1. e4 e5 2. Nc3 Nf6 3. g3 Bc5 4. Bg2 Nc6 5. d3 O-O 6. Nge2 Nd4 7. Be3 d6 8. O-O
Bg4 9. Bxd4 exd4 10. Na4 Bb4 11. a3 Ba5 12. b4 Qd7 13. Nb2 Bb6 14. Nc4 Bxe2 15.
Qxe2 Rfe8 16. Qf3 c6 17. Nxb6 axb6 18. Rfe1 b5 19. h4 Ra4 20. Kh2 Rea8 21. Bh3
Qd8 22. Qf5 Rxa3 23. Rxa3 Rxa3 24. Qc8 Qxc8 25. Bxc8 b6 26. g4 Kf8 27. g5 Ng8
28. Kg3 Ne7 29. Bg4 Ra4 30. Rb1 Ke8 31. f4 Ra2 32. Bd1 f5 33. gxf6 gxf6 34. Kg4
d5 35. f5 Kd7 36. Kf4 dxe4 37. dxe4 Kd6 0-1

[Event "MCRE_O14"]
[Site "?"]
[Date "2003.??.??"]
[Round "?"]
[White "Volf, Michal"]
[Black "Tursky, Matyas"]
[Result "1-0"]
[WhiteElo "1800"]
[BlackElo "1800"]
[PlyCount "38"]
[EventDate "2003.??.??"]
[EventType "corr"]
[EventRounds "2"]
[SourceDate "2005.03.12"]

1. e4 e6 2. d4 d5 3. e5 c5 4. c3 Qb6 5. Nf3 Nc6 6. a3 c4 7. g3 a5 8. a4 Be7 9.
Bh3 Nh6 10. Na3 Na7 11. O-O Nf5 12. Bxf5 exf5 13. Bg5 Bxg5 14. Nxg5 O-O 15. Qf3
Be6 16. Rfb1 Qb3 17. Qd1 Qxd1+ 18. Rxd1 Rfb8 19. f4 b5 1-0